000 01110cam a22003377a 4500
003 CHAP
005 20220329132936.0
008 971013s1990 r 00010 d
010 _a494
011 _a1466
035 _a642
040 _cCHAP
090 _aTesis
100 0 0 _aJuárez Gutiérrez, Víctor Manuel.
_962421
245 1 3 _aEl mercado de los principales productos forestales en México
260 _aMontecillo, Méx. :
_bEl autor,
_c1990
300 _a224 h.
500 _a36-211
502 _aTesis (Maestro en Ciencias Esp. en Economía Agrícola) -- C.P. Centro de Economía
590 _aALEPH
_b10
_c20130110
_lUCH01
_h1205
590 _aBATCH-UPD
_b10
_c20130110
_lUCH01
_h2002
590 _aBATCH-UPD
_b10
_c20130410
_lUCH01
_h1322
590 _aBATCH-UPD
_b10
_c20130914
_lUCH01
_h1941
590 _aCONVERSION
_b10
_c20130109
_lUCH01
_h1302
650 1 4 _aProductos forestales
_xMercadeo.
_992092
650 1 4 _aProductos forestales
_zMéxico.
_992112
901 _aBK
942 _cFOLL
949 _bBC
_cTES
_d-10098
_eTS1
_h22708
_i642
_si
949 _bBC
_cTES
_d-67512
_eTS2
_fc.2
_h22709
_i642
_si
999 _c494
_d494